Normal view
MARC view
- ENGINEERING GRAPHICS-STUDY AND TEACHING COMPUTER GRAPHICS-STUDY AND TEACHING GRAPHICS COMMUNICATION
Entry Topical Term
001 - CONTROL NUMBER
- control field: 56888
003 - CONTROL NUMBER IDENTIFIER
- control field: NUST
005 - DATE AND TIME OF LATEST TRANSACTION
- control field: 20210628201811.0
008 - FIXED-LENGTH DATA ELEMENTS
- fixed length control field: 210628|| aca||aabn | a|a d
040 ## - CATALOGING SOURCE
- Original cataloging agency: NUST
- Transcribing agency: NUST
150 ## - HEADING--TOPICAL TERM
- Topical term or geographic name entry element: ENGINEERING GRAPHICS-STUDY AND TEACHING COMPUTER GRAPHICS-STUDY AND TEACHING GRAPHICS COMMUNICATION
670 ## - SOURCE DATA FOUND
- Source citation: Work cat.: (NUST): Bertoline, Gray.R Miller, Craig.L Nasman, Leonard.O 56887, Engineering graphics communication, 1995
